书目信息 |
| 题名: |
宋仁宗时代的大人物
|
|
| 作者: | 唐博 著 | |
| 分册: | ||
| 出版信息: | 广州 广东人民出版社 2021.06 |
|
| 页数: | 440页 | |
| 开本: | 24cm | |
| 丛书名: | 前浪后传 | |
| 单 册: | ||
| 中图分类: | K820.441 | |
| 科图分类: | ||
| 主题词: | 历史人物--li shi ren wu--生平事迹--中国--北宋 | |
| 电子资源: | ||
| ISBN: | 978-7-218-14920-2 | |
| 000 | 01093nam 2200253 450 | |
| 001 | 27577 | |
| 005 | 20220921160527.09 | |
| 010 | @a978-7-218-14920-2@dCNY88.00 | |
| 100 | @a20210624d2021 em y0chiy50 ea | |
| 101 | 0 | @achi |
| 102 | @aCN@b440000 | |
| 105 | @aa z 000yc | |
| 200 | 1 | @a宋仁宗时代的大人物@Asong ren zong shi dai de da ren wu@f唐博著 |
| 210 | @a广州@c广东人民出版社@d2021.06 | |
| 215 | @a440页@c图 (部分彩图)@d24cm | |
| 225 | 2 | @a前浪后传@Aqian lang hou zhuan@v1 |
| 314 | @a唐博, 央视百家讲坛首位80后主讲人, 著名历史学家戴逸先生关门弟子, 中国人民大学历史学博士。 | |
| 330 | @a本书讲述了宋仁宗身边的男男女女 —— 皇后、妃嫔、公主、宦官、士大夫、将军等等人物的故事, 透过具体人物的具体事迹, 逐个展现仁宗时代这些上流群体的生存状况, 既讲述了宫廷的逸闻趣事, 又带有朝政的勾心斗角, 多方面体现出仁宗皇帝的治国治家的手段以及其背后的因由、影响及利弊。 | |
| 410 | 0 | @12001 @a前浪后传@v1 |
| 606 | 0 | @a历史人物@Ali shi ren wu@x生平事迹@y中国@z北宋 |
| 690 | @aK820.441@v5 | |
| 701 | 0 | @a唐博@Atang bo@4著 |
| 801 | 0 | @aCN@c20220910 |
| 905 | @a河南城建学院图书馆@dK820.441@eT236@f2 | |
| 宋仁宗时代的大人物/唐博著.-广州:广东人民出版社,2021.06 |
| 440页:图 (部分彩图);24cm.-(前浪后传;1) |
| ISBN 978-7-218-14920-2:CNY88.00 |
| 本书讲述了宋仁宗身边的男男女女 —— 皇后、妃嫔、公主、宦官、士大夫、将军等等人物的故事, 透过具体人物的具体事迹, 逐个展现仁宗时代这些上流群体的生存状况, 既讲述了宫廷的逸闻趣事, 又带有朝政的勾心斗角, 多方面体现出仁宗皇帝的治国治家的手段以及其背后的因由、影响及利弊。 |
| ● |
| 相关链接 |
|
|
|
正题名:宋仁宗时代的大人物
索取号:K820.441/T236
 
预约/预借
| 序号 | 登录号 | 条形码 | 馆藏地/架位号 | 状态 | 备注 |
| 1 | 1579809 | 215798091 | 社科库309/309社科库 44排6列5层/ [索取号:K820.441/T236] | 在馆 | |
| 2 | 1579810 | 215798108 | 社科库309/309社科库 44排6列5层/ [索取号:K820.441/T236] | 在馆 |